[Event "Napoli Province-ch"]
[Site "Napoli"]
[Date "2013.12.05"]
[Round "1"]
[White "Freda, Guido"]
[Black "Baccelliere, Donato"]
[Result "0-1"]
[WhiteElo "1578"]
[BlackElo "1422"]
[PlyCount "68"]
[EventDate "2013.12.05"]
[EventType "swiss"]
[EventRounds "7"]
[EventCountry "ITA"]
[SourceTitle "EXT 2015"]
[Source "ChessBase"]
[SourceDate "2014.11.20"]
[SourceVersion "1"]
[SourceVersionDate "2014.11.20"]
[SourceQuality "1"]

1. d4 d5 2. c4 Nf6 3. e3 Nc6 4. Nc3 e6 5. Nf3 b6 6. Bd3 Ba6 7. Qa4 Bb7 8. Ne5 Qd6 9. a3 a6 10. 0-0 Nd7 11. f4 f6 12. Nxd7 Qxd7 13. Qc2 g6 14. cxd5 exd5 15. f5 g5 16. Qe2 0-0-0 17. Bxa6 Na7 18. Bxb7+ Kxb7 19. a4 Bb4 20. Bd2 c6 21. Na2 Bxd2 22. Qxd2 Qd6 23. a5 b5 24. Rac1 g4 25. g3 h5 26. Rf2 h4 27. Rf4 Rdg8 28. Qe2 hxg3 29. hxg3 Rh3 30. Qg2 Qc7 31. a6+ Kb6 32. Nb4 Qh7 33. Re1 Rh8 34. Nxd5+ cxd5 0-1